• 首页
  • 本馆介绍
  • 公告通知
  • 最新文献
  • 馆藏检索
  • 电子资源
  • 读者导购
  • 参考咨询
  • 我的图书馆
  • 登录
  • 详细信息显示
  • 放入我的书架
  • 预约/预借图书
  • 作者相关作品
  • 分类相关作品
  • 丛书相关作品
  • 出版社相关作品

书目信息

  • 表格格式
  • 工作单格式
  • 卡片格式
题名:
毛泽东自传
    
 
作者: 斯诺 录 ;汪衡 译
分册:  
出版信息: 北京   解放军文艺出版社  2001
页数: 190页
开本: 20cm
丛书名:
单 册:
中图分类: A751
科图分类:
主题词: 毛泽东--生平事迹 , 毛泽东--传记
电子资源:
ISBN: 7-5033-1425-7
000 00618nam0 2200217 45
001 0303251620
005 20041210084219.3
010    @a7-5033-1425-7@dCNY15.00
100    @a20030325d2001 km y0chiy0120 ea
101 0  @achi@ceng
105    @aa z 000ya
200 1  @a毛泽东自传@AMao Ze Dong Zi Zhuan@f(美)斯诺录@F(Mei)Si Nuo Lu@g汪衡译
210    @a北京@c解放军文艺出版社@d2001
215    @a190页@c摹真,照片@d20cm
606 0  @a毛泽东@x生平事迹
606 0  @a毛泽东@x传记
690    @aA751@v4
701  0 @a斯诺@4录
702  0 @a汪衡@AWang Heng@4译
801    @aCN@bTSTC@c20030325
905    @b321643-647@dA751@e102@f5
    
    毛泽东自传/(美)斯诺录/汪衡译.-北京:解放军文艺出版社,2001
    190页:摹真,照片;20cm
    
    
    ISBN 7-5033-1425-7:CNY15.00
    
●
相关链接 在E读中查询图书 在五车中查询图书 在当当中查询图书 在豆瓣中查询图书


正题名:毛泽东自传     索取号:A751/102         预约/预借

序号 登录号 条形码 馆藏地/架位号 状态 备注
1 0321643   203216439   第一借阅区/ [索取号:A751/102] 在馆    
2 0321644   203216448   第一借阅区/ [索取号:A751/102] 在馆    
3 0321645   203216457   第一借阅区/ [索取号:A751/102] 在馆    
4 0321646   203216466   第一借阅区/ [索取号:A751/102] 在馆    
5 0321647   203216475   第一样本阅览室/ [索取号:A751/102] 在馆    
6 0325147   203251471   第一借阅区/ [索取号:A751/102] 在馆    
7 0325148   203251480   第一借阅区/ [索取号:A751/102] 在馆    
8 0325149   203251499   第一借阅区/ [索取号:A751/102] 在馆    
9 0325150   203251505   第一借阅区/ [索取号:A751/102] 在馆    
10 0325151   203251514   第一借阅区/ [索取号:A751/102] 在馆    
唐山师范学院图书馆 欢迎您!
大连网信软件有限公司© 版权所有